Dr. Sunshine is Dead - Will Wood and the Tapeworms Lyrics - Statistics

General Stats
  • This quiz has been taken 16 times
    9 since last reset
  • The average score is 298 of 378
Answer Stats
Lyrics % Correct
a
100%
am
100%
at
100%
at,
100%
be
100%
can
100%
could
100%
else
100%
I
100%
moon
100%
night
100%
No,
100%
no
100%
not
100%
see
100%
see?
100%
sunshine
100%
sunshine,
100%
the
100%
The
100%
we
100%
Well,
100%
When
100%
when
100%
who
100%
Who
100%
afraid
86%
and
86%
And
86%
back?!
86%
become
86%
between
86%
can't
86%
come
86%
dark?
86%
did
86%
go
86%
hardly
86%
if
86%
If
86%
I'm
86%
in
86%
is
86%
Is,
86%
it
86%
it,
86%
left
86%
my
86%
never
86%
now,
86%
now
86%
nowhere
86%
of
86%
same,
86%
same?
86%
seeing
86%
somewhere
86%
that
86%
then
86%
then,
86%
thing
86%
to
86%
Was
86%
was,
86%
what
86%
each
71%
eyeballs
71%
eyes
71%
for
71%
For
71%
fucking
71%
hiding
71%
how
71%
just
71%
light?
71%
more
71%
on
71%
one
71%
only
71%
Only
71%
other,
71%
room
71%
there
71%
there's
71%
time
71%
use
71%
will
71%
adjust
57%
But
57%
calculator
57%
change
57%
changed
57%
Damn
57%
does
57%
fears
57%
flower
57%
fruition,
57%
fumble
57%
have
57%
have,
57%
I'll
57%
intuition
57%
look
57%
or
57%
powered
57%
scared!
57%
shadows
57%
solar-
57%
still
57%
that's
57%
'Til
57%
what's
57%
yet
57%
about
43%
All
43%
Are
43%
awake
43%
black?
43%
cave
43%
color
43%
deny
43%
dilate
43%
dreams
43%
irises
43%
looking
43%
myself
43%
nightmares?
43%
practiced
43%
rearranged
43%
say
43%
should
43%
stay
43%
switch
43%
swore
43%
tonight
43%
trade
43%
true,
43%
vision
43%
where
43%
why
43%
your
43%
abide
29%
blame
29%
empty
29%
frames
29%
here's
29%
I'd
29%
infrareds
29%
keep
29%
know
29%
morning's
29%
portraits,
29%
self-
29%
sign
29%
strap
29%
them,
29%
those
29%
another
14%
ask
14%
been
14%
decided
14%
future
14%
has
14%
hasn't,
14%
isn't,
14%
I've
14%
last
14%
must
14%
name
14%
nobody's
14%
past
14%
predicts
14%
present
14%
state
14%
wish
14%
you're
14%
you've
14%
No matching quizzes found
Score Distribution
Percent of People with Each Score
Percentile by Number Answered
Your Score History
You have not taken this quiz since the last reset